00757nam a2200217Ia 4500003000900000008004100009020001600050040001600066080001700082100002500099245011000124260003500234300001300269490005300282650001900335650002200354700002300376942000700399999001500406952011800421IN-BaIIA211028s9999 xx 000 0 eng d a0-07-005493 cIIA Library a530.145bBJO aBjorken, J. D.95150 0aRelativistic quantum mechanicscJ. D. Bjorken and S. D. Drell  aNew YorkbAcademic Pressc1964 ax, 300p. aInternational series in pure and applies physics aNASA Thesaurus aQuantum mechanics aDrell, S. D.95151 cBK c2885d2885 00104070aBANbBANcGENd1967-03-30g82.80l0o530.145/ BJOp3209r2021-11-05v82.80w1967-03-30yBKGRs. 82.80